[Event "Baden Wuerttemberg-ch Seniors op 3rd"]
[Site "Freudenstadt"]
[Date "2017.07.04"]
[Round "5"]
[White "Stadler, Lothar"]
[Black "Schrems, Hermann"]
[Result "0-1"]
[WhiteElo "1883"]
[BlackElo "2080"]
[PlyCount "52"]
[EventDate "2017.06.30"]
[EventType "swiss"]
[EventRounds "9"]
[EventCountry "GER"]
[SourceTitle "EXT 2019"]
[Source "ChessBase"]
[SourceDate "2018.10.10"]
[SourceVersion "1"]
[SourceVersionDate "2018.10.10"]
[SourceQuality "1"]

1. d4 Nf6 2. c4 g6 3. Nf3 Bg7 4. e3 0-0 5. Be2 c5 6. 0-0 cxd4 7. exd4 d5 8. b3 Nc6 9. h3 Bf5 10. Be3 a5 11. Nc3 Nb4 12. Rc1 Ne4 13. Nh4 Nxc3 14. Rxc3 Nxa2 15. Rc1 Nxc1 16. Qxc1 Be6 17. Rd1 a4 18. c5 axb3 19. Qb2 Bd7 20. f4 Ra2 21. Qxb3 Rxe2 22. Nf3 Qa8 23. Rb1 Bc6 24. f5 Qa2 25. fxg6 Rxg2+ 26. Kh1 fxg6 0-1

[Event "Wuertemberg-ch Seniors 27th"]
[Site "Freudenstadt"]
[Date "2015.07.10"]
[Round "9"]
[White "Stadler, Lothar"]
[Black "Sukatsch, Manfred"]
[Result "0-1"]
[WhiteElo "1944"]
[BlackElo "1945"]
[PlyCount "46"]
[EventDate "2015.07.03"]
[EventType "swiss"]
[EventRounds "9"]
[EventCountry "GER"]
[SourceTitle "EXT 2016"]
[Source "ChessBase"]
[SourceDate "2015.10.08"]
[SourceVersion "1"]
[SourceVersionDate "2015.10.08"]
[SourceQuality "1"]

1. c4 e5 2. Nc3 Nc6 3. d3 f5 4. f4 d6 5. Nf3 Nf6 6. g3 g6 7. Bg2 Bg7 8. Bd2 0-0 9. Rb1 Re8 10. fxe5 dxe5 11. 0-0 Rb8 12. b4 a6 13. Qb3 Kh8 14. Ng5 Qe7 15. Be3 Nd4 16. Bxd4 exd4 17. Nd5 Nxd5 18. cxd5 Qxg5 19. Bf3 f4 20. Kf2 Bh3 21. Rg1 Be5 22. Rbc1 fxg3+ 23. hxg3 Qe3+ 0-1

[Event "Wuertemberg-ch Seniors 27th"]
[Site "Freudenstadt"]
[Date "2015.07.03"]
[Round "1"]
[White "Herbrechtsmeier, Christof"]
[Black "Stadler, Lothar"]
[Result "1/2-1/2"]
[WhiteElo "2289"]
[BlackElo "1944"]
[PlyCount "45"]
[EventDate "2015.07.03"]
[EventType "swiss"]
[EventRounds "9"]
[EventCountry "GER"]
[SourceTitle "EXT 2016"]
[Source "ChessBase"]
[SourceDate "2015.10.08"]
[SourceVersion "1"]
[SourceVersionDate "2015.10.08"]
[SourceQuality "1"]

1. e4 c5 2. Nf3 d6 3. d4 cxd4 4. Nxd4 Nf6 5. Nc3 a6 6. Bg5 e6 7. f4 Be7 8. Qf3 Bd7 9. e5 dxe5 10. fxe5 Nd5 11. Bxe7 Nxe7 12. 0-0-0 Qc7 13. Qg3 Ng6 14. Nf3 Nc6 15. Bd3 Ngxe5 16. Qxg7 0-0-0 17. Bxh7 Nxf3 18. gxf3 Qf4+ 19. Kb1 Ne5 20. Ne2 Qe3 21. Nd4 Qf4 22. Ne2 Qe3 23. Nd4 1/2-1/2

[Event "Wuerttemberg-ch Seniors op 26th"]
[Site "Freudenstadt"]
[Date "2014.07.23"]
[Round "8"]
[White "Reinhold, Klaus"]
[Black "Stadler, Lothar"]
[Result "1-0"]
[WhiteElo "2097"]
[BlackElo "1962"]
[PlyCount "43"]
[EventDate "2014.07.16"]
[EventType "swiss"]
[EventRounds "9"]
[EventCountry "GER"]
[SourceTitle "EXT 2019"]
[Source "ChessBase"]
[SourceDate "2018.10.10"]
[SourceVersion "1"]
[SourceVersionDate "2018.10.10"]
[SourceQuality "1"]

1. d4 Nf6 2. c4 e6 3. Nf3 b6 4. g3 d5 5. Bg2 Bb4+ 6. Nbd2 Bb7 7. Qa4+ Nc6 8. Ne5 0-0 9. Nxc6 Bxd2+ 10. Bxd2 Qd7 11. cxd5 exd5 12. Rc1 Rfe8 13. Qc2 Rxe2+ 14. Kxe2 Ba6+ 15. Kd1 Ng4 16. Bf4 Bd3 17. Qd2 Re8 18. Re1 f6 19. Rxe8+ Qxe8 20. h3 Be4 21. Bxe4 Qxe4 22. hxg4 1-0

[Event "Wuerttemberg-ch Seniors op 26th"]
[Site "Freudenstadt"]
[Date "2014.07.22"]
[Round "7"]
[White "Stadler, Lothar"]
[Black "Abegg, Beat"]
[Result "1-0"]
[WhiteElo "1962"]
[BlackElo "1910"]
[PlyCount "70"]
[EventDate "2014.07.16"]
[EventType "swiss"]
[EventRounds "9"]
[EventCountry "GER"]
[SourceTitle "EXT 2019"]
[Source "ChessBase"]
[SourceDate "2018.10.10"]
[SourceVersion "1"]
[SourceVersionDate "2018.10.10"]
[SourceQuality "1"]

1. c4 c6 2. d4 d5 3. e3 Nf6 4. Nf3 Bg4 5. Nbd2 Nbd7 6. cxd5 cxd5 7. Bd3 e6 8. 0-0 Bd6 9. b3 0-0 10. Bb2 Bh5 11. h3 Qe7 12. e4 dxe4 13. Nxe4 Nxe4 14. Bxe4 Nf6 15. Bd3 Rfd8 16. Re1 Rac8 17. Qe2 Bb8 18. g3 a6 19. Kg2 Ba7 20. Rad1 Bg6 21. Bxg6 hxg6 22. h4 Rc7 23. Rd2 Nd5 24. Ne5 Bb6 25. Nc4 Ba7 26. Ba3 Qe8 27. h5 b5 28. Ne5 gxh5 29. Qxh5 Nf6 30. Qh4 Bc5 31. Rh1 Kf8 32. dxc5 Rxd2 33. c6+ Re7 34. Qf4 Rxa2 35. Rh8+ Ng8 1-0

[Event "Wuerttemberg-ch Seniors op 26th"]
[Site "Freudenstadt"]
[Date "2014.07.19"]
[Round "4"]
[White "Pottgiesser, Ulrich"]
[Black "Stadler, Lothar"]
[Result "1/2-1/2"]
[WhiteElo "1678"]
[BlackElo "1962"]
[PlyCount "63"]
[EventDate "2014.07.16"]
[EventType "swiss"]
[EventRounds "9"]
[EventCountry "GER"]
[SourceTitle "EXT 2019"]
[Source "ChessBase"]
[SourceDate "2018.10.10"]
[SourceVersion "1"]
[SourceVersionDate "2018.10.10"]
[SourceQuality "1"]

1. e4 c5 2. c3 d5 3. exd5 Qxd5 4. d4 e6 5. Nf3 Nc6 6. Be2 cxd4 7. cxd4 Nf6 8. 0-0 Be7 9. Nc3 Qd7 10. Bf4 a6 11. h3 0-0 12. a3 Rd8 13. Be5 b5 14. b4 Bb7 15. Ra2 Rac8 16. Bxf6 Bxf6 17. Ne4 Bxd4 18. Rd2 e5 19. Nc5 Qe7 20. Nxb7 Qxb7 21. Nxd4 Nxd4 22. Kh1 Rc3 23. Bf3 Qe7 24. Rd3 Rdc8 25. Rxc3 Rxc3 26. Re1 Qc7 27. Qxd4 f6 28. Qd5+ Kf8 29. Qa8+ Ke7 30. Qxa6 Rc1 31. Rxc1 Qxc1+ 32. Kh2 1/2-1/2

[Event "Wuerttemberg-ch Seniors op 26th"]
[Site "Freudenstadt"]
[Date "2014.07.18"]
[Round "3"]
[White "Stadler, Lothar"]
[Black "Macher, Claus"]
[Result "0-1"]
[WhiteElo "1962"]
[BlackElo "2047"]
[PlyCount "64"]
[EventDate "2014.07.16"]
[EventType "swiss"]
[EventRounds "9"]
[EventCountry "GER"]
[SourceTitle "EXT 2019"]
[Source "ChessBase"]
[SourceDate "2018.10.10"]
[SourceVersion "1"]
[SourceVersionDate "2018.10.10"]
[SourceQuality "1"]

1. e4 c5 2. Nf3 e6 3. d4 cxd4 4. Nxd4 a6 5. Be2 Qc7 6. 0-0 Bc5 7. Nf3 Nc6 8. b3 Nge7 9. Bb2 0-0 10. c4 Ng6 11. g3 b6 12. Nc3 Bb7 13. a3 Be7 14. b4 Bf6 15. Qd2 Rfd8 16. Rad1 d6 17. h4 Nce5 18. Ng5 Ne7 19. f4 Nxc4 20. Bxc4 Qxc4 21. e5 Bxg5 22. hxg5 d5 23. Na4 Qc6 24. Qd4 Qxa4 25. f5 Qb3 26. Qf2 Nxf5 27. g4 Qg3+ 28. Qxg3 Nxg3 29. Rf3 Ne4 30. Bd4 Nxg5 31. Rc3 Rdc8 32. Rcd3 b5 0-1

[Event "Bayern-ch op Seniors 26th"]
[Site "Bergen"]
[Date "2014.06.27"]
[Round "7"]
[White "Perzl, Michael"]
[Black "Stadler, Lothar"]
[Result "0-1"]
[WhiteElo "1754"]
[BlackElo "1674"]
[PlyCount "58"]
[EventDate "2014.06.21"]
[EventType "swiss"]
[EventRounds "7"]
[EventCountry "GER"]
[SourceTitle "EXT 2018"]
[Source "ChessBase"]
[SourceDate "2017.10.13"]
[SourceVersion "1"]
[SourceVersionDate "2017.10.13"]
[SourceQuality "1"]

1. d4 Nf6 2. c4 e6 3. Nc3 b6 4. e4 Bb7 5. Bd3 Bb4 6. Qe2 0-0 7. Nf3 c5 8. 0-0 cxd4 9. Nxd4 Bxc3 10. bxc3 d6 11. f4 Nbd7 12. e5 dxe5 13. fxe5 Ne8 14. Rf4 g6 15. Rg4 Ng7 16. Bh6 Qc7 17. Re1 Rfe8 18. Nb5 Qc5+ 19. Rd4 Nf5 20. Bxf5 exf5 21. Kh1 Rxe5 22. Qd2 Rxe1+ 23. Qxe1 Qc6 24. Qd2 Re8 25. h3 Nf6 26. Nd6 Re1+ 27. Kh2 Rd1 28. Qg5 Rxd4 29. Nxb7 Rd7 0-1

[Event "Bayern-ch op Seniors 26th"]
[Site "Bergen"]
[Date "2014.06.25"]
[Round "5"]
[White "Jagdhuber, Hans"]
[Black "Stadler, Lothar"]
[Result "1-0"]
[WhiteElo "1876"]
[BlackElo "1674"]
[PlyCount "24"]
[EventDate "2014.06.21"]
[EventType "swiss"]
[EventRounds "7"]
[EventCountry "GER"]
[SourceTitle "EXT 2018"]
[Source "ChessBase"]
[SourceDate "2017.10.13"]
[SourceVersion "1"]
[SourceVersionDate "2017.10.13"]
[SourceQuality "1"]

1. Nf3 Nf6 2. c4 c5 3. Nc3 Nc6 4. g3 e6 5. Bg2 Be7 6. 0-0 0-0 7. d4 cxd4 8. Nxd4 a6 9. e4 d6 10. b3 Bd7 11. Bb2 Qc7 12. Rc1 Rad8 1-0

[Event "Wuerttemberg-ch Seniors op 25th"]
[Site "Freudenstadt"]
[Date "2013.07.06"]
[Round "2"]
[White "Engbrecht, Helmut"]
[Black "Stadler, Lothar"]
[Result "1-0"]
[WhiteElo "2036"]
[BlackElo "1968"]
[PlyCount "45"]
[EventDate "2013.07.06"]
[EventType "swiss"]
[EventRounds "9"]
[EventCountry "GER"]
[SourceTitle "EXT 2019"]
[Source "ChessBase"]
[SourceDate "2018.10.10"]
[SourceVersion "1"]
[SourceVersionDate "2018.10.10"]
[SourceQuality "1"]

1. e4 c5 2. Nc3 Nc6 3. Nf3 e6 4. Bc4 Nd4 5. Nxd4 cxd4 6. Ne2 Bc5 7. d3 a6 8. 0-0 Ne7 9. Bb3 0-0 10. f4 f5 11. Ng3 b5 12. Qh5 Ba7 13. exf5 Nxf5 14. Nxf5 Rxf5 15. Qxf5 Qc7 16. Qe5 Qb6 17. f5 Bb8 18. fxe6 dxe6 19. Qh5 g6 20. Qf3 Qd6 21. Qf7+ Kh8 22. Qe8+ Kg7 23. Rf7# 1-0

[Event "Bayern-ch Seniors 25th"]
[Site "Bergen"]
[Date "2013.06.18"]
[Round "5.10"]
[White "Ditmas, Hugh"]
[Black "Stadler, Lothar"]
[Result "1-0"]
[WhiteElo "1922"]
[BlackElo "1707"]
[PlyCount "141"]
[EventDate "2013.06.15"]
[EventType "swiss"]
[EventRounds "9"]
[EventCountry "GER"]
[SourceTitle "EXT 2022"]
[Source "ChessBase"]
[SourceDate "2021.10.06"]
[SourceVersion "1"]
[SourceVersionDate "2021.10.06"]
[SourceQuality "1"]

1. d4 Nf6 2. c4 e6 3. Nf3 d5 4. Nc3 c6 5. Bg5 Be7 6. e3 0-0 7. Qc2 b6 8. Bd3 dxc4 9. Bxc4 Bb7 10. Rd1 h6 11. Bh4 Nbd7 12. 0-0 b5 13. Bd3 b4 14. Ne4 Nxe4 15. Bxe7 Qxe7 16. Bxe4 Rfc8 17. Qe2 a5 18. Rc1 Nf6 19. Bd3 c5 20. dxc5 Rxc5 21. Nd4 Rac8 22. Nb3 Rxc1 23. Rxc1 Rxc1+ 24. Nxc1 e5 25. Qc2 Qd6 26. Nb3 e4 27. Be2 Qe5 28. Qc5 Qxc5 29. Nxc5 Bc6 30. Bc4 Kf8 31. Kf1 Ke7 32. Ke1 Ng4 33. Nb3 a4 34. Nd4 Ne5 35. Nxc6+ Nxc6 36. Bd5 Kd6 37. Bxe4 Ne5 38. Kd2 Kc5 39. Bd3 f6 40. f4 Nd7 41. Bc2 a3 42. bxa3 bxa3 43. Kc3 Nb6 44. Bb3 Nc8 45. Be6 Nd6 46. Kb3 Ne4 47. Kxa3 Nd2 48. Kb2 Nf1 49. e4 Nxh2 50. Kc3 Nf1 51. Kd3 g5 52. e5 fxe5 53. fxe5 Ng3 54. Ke3 Nh5 55. Bb3 Nf4 56. g3 Nh5 57. Kf3 Ng7 58. g4 Kd4 59. e6 Ke5 60. a4 Kd6 61. a5 Kc5 62. a6 Kb6 63. Bc4 Ne8 64. Bd3 Nd6 65. e7 Ka7 66. Ke3 Ne8 67. Ke4 Nf6+ 68. Kf5 Ne8 69. Kg6 h5 70. Kxh5 Nd6 71. Kxg5 1-0

[Event "Bayern-ch Seniors 25th"]
[Site "Bergen"]
[Date "2013.06.18"]
[Round "4.26"]
[White "Stadler, Lothar"]
[Black "Riegler, Markus"]
[Result "1-0"]
[WhiteElo "1707"]
[BlackElo "1641"]
[PlyCount "69"]
[EventDate "2013.06.15"]
[EventType "swiss"]
[EventRounds "9"]
[EventCountry "GER"]
[SourceTitle "EXT 2022"]
[Source "ChessBase"]
[SourceDate "2021.10.06"]
[SourceVersion "1"]
[SourceVersionDate "2021.10.06"]
[SourceQuality "1"]

1. e4 c6 2. d4 d5 3. e5 Bf5 4. f4 e6 5. Nf3 Nd7 6. Be2 Bb4+ 7. c3 Ba5 8. 0-0 h6 9. Be3 b5 10. Nbd2 Bb6 11. a4 a6 12. Qe1 Ne7 13. Nh4 Bh7 14. g4 Ng6 15. Ndf3 Nxh4 16. Nxh4 g5 17. fxg5 hxg5 18. Qf2 0-0 19. Nf3 f6 20. Qg3 Bc7 21. Qh3 Qe8 22. exf6 Bf4 23. Bxf4 gxf4 24. g5 Bf5 25. Qh6 Qg6 26. Qxg6+ Bxg6 27. Nh4 Be4 28. Rxf4 e5 29. Rf2 exd4 30. cxd4 bxa4 31. Bg4 Ra7 32. Ra3 Nb6 33. g6 Nc4 34. Be6+ Kh8 35. Rh3 1-0

[Event "Bayern-ch Seniors 25th"]
[Site "Bergen"]
[Date "2013.06.17"]
[Round "3.18"]
[White "Maugg, Ludwig"]
[Black "Stadler, Lothar"]
[Result "1-0"]
[WhiteElo "1811"]
[BlackElo "1707"]
[PlyCount "57"]
[EventDate "2013.06.15"]
[EventType "swiss"]
[EventRounds "9"]
[EventCountry "GER"]
[SourceTitle "EXT 2022"]
[Source "ChessBase"]
[SourceDate "2021.10.06"]
[SourceVersion "1"]
[SourceVersionDate "2021.10.06"]
[SourceQuality "1"]

1. d4 Nf6 2. c4 e6 3. Nf3 Be7 4. Nc3 b6 5. e4 d6 6. Bd3 Bb7 7. 0-0 0-0 8. Qe2 Nbd7 9. h3 Ne8 10. Be3 Kh8 11. Rad1 c6 12. Nh2 Ndf6 13. e5 Ng8 14. f4 Nc7 15. exd6 Qxd6 16. Ne4 Qd7 17. Nf3 Nf6 18. Ne5 Qe8 19. Nxf6 Bxf6 20. Be4 Rb8 21. Qf3 Bxe5 22. fxe5 f5 23. exf6 Rxf6 24. Qg3 Qf7 25. Bg5 Rxf1+ 26. Rxf1 Qd7 27. Qh4 Qxd4+ 28. Kh1 g6 29. Bf6+ 1-0

[Event "Bayern-ch Seniors 24nd"]
[Site "Bergen"]
[Date "2012.06.22"]
[Round "7"]
[White "Schindler, Jan"]
[Black "Stadler, Lothar"]
[Result "1-0"]
[WhiteElo "1625"]
[BlackElo "1757"]
[PlyCount "125"]
[EventDate "2012.06.16"]
[EventType "swiss"]
[EventRounds "9"]
[EventCountry "GER"]
[SourceTitle "EXT 2015"]
[Source "ChessBase"]
[SourceDate "2014.11.20"]
[SourceVersion "1"]
[SourceVersionDate "2014.11.20"]
[SourceQuality "1"]

1. d4 Nf6 2. c4 e6 3. Nf3 b6 4. g3 Bb7 5. Bg2 Be7 6. Nc3 0-0 7. 0-0 d5 8. cxd5 Nxd5 9. Re1 Na6 10. e4 Nxc3 11. bxc3 c5 12. Bb2 Rc8 13. a3 Qc7 14. Rc1 Rfd8 15. Qe2 Rd7 16. Ne5 Rdd8 17. Nf3 Bd6 18. Ng5 h6 19. Nf3 cxd4 20. cxd4 Qe7 21. Qe3 Nb8 22. e5 Bc7 23. Nd2 Bd5 24. Bxd5 Rxd5 25. Nf3 b5 26. Rc2 Nd7 27. Rec1 Nb6 28. Nd2 Rd7 29. Qb3 a6 30. Rc6 Rcd8 31. Qc2 Nd5 32. Rxa6 Bb6 33. Qb3 Rb7 34. Ne4 Nc7 35. Rxb6 Rxb6 36. Nd6 Rdb8 37. Qc2 Nd5 38. Nc8 Qd8 39. Nxb6 Nxb6 40. Rd1 Rc8 41. Qb3 Qd7 42. h4 Rc4 43. Rc1 Rxc1+ 44. Bxc1 Qxd4 45. Qxb5 Nc4 46. Qe8+ Kh7 47. Bf4 Qa7 48. a4 Qc7 49. Qb5 Na5 50. Bd2 Nc6 51. Bf4 Nd4 52. Qd3+ Nf5 53. g4 g6 54. gxf5 gxf5 55. Qd2 h5 56. a5 Kg6 57. Qb4 Qd7 58. Be3 Qd1+ 59. Kg2 Qd5+ 60. f3 Qd3 61. Qd2 Qb5 62. f4 Qa4 63. Qd8 1-0

[Event "Bayern-ch Seniors 24nd"]
[Site "Bergen"]
[Date "2012.06.21"]
[Round "6"]
[White "Stadler, Lothar"]
[Black "Henke, Rudolf"]
[Result "1-0"]
[WhiteElo "1757"]
[BlackElo "1562"]
[PlyCount "69"]
[EventDate "2012.06.16"]
[EventType "swiss"]
[EventRounds "9"]
[EventCountry "GER"]
[SourceTitle "EXT 2015"]
[Source "ChessBase"]
[SourceDate "2014.11.20"]
[SourceVersion "1"]
[SourceVersionDate "2014.11.20"]
[SourceQuality "1"]

1. e4 c5 2. Bc4 d6 3. f4 e6 4. c3 Bd7 5. Nf3 Nc6 6. d4 Nf6 7. Qe2 Be7 8. e5 dxe5 9. fxe5 Nd5 10. 0-0 Nc7 11. Be3 Na5 12. Bd3 Nd5 13. dxc5 Nxe3 14. Qxe3 Qc7 15. b4 Nc6 16. Nbd2 a5 17. a3 0-0 18. Nc4 f6 19. Rad1 axb4 20. axb4 fxe5 21. Qe4 g6 22. Ncxe5 Nxe5 23. Nxe5 Rxf1+ 24. Rxf1 Be8 25. Nxg6 Bxg6 26. Qxe6+ Kh8 27. Bxg6 Ra6 28. Qf7 Rxg6 29. Qe8+ Rg8 30. Qh5 Qc6 31. Qe5+ Rg7 32. g3 h6 33. Rf7 Bxc5+ 34. bxc5 Qg6 35. Rxb7 1-0

[Event "Bayern-ch Seniors 21st"]
[Site "Bergen"]
[Date "2009.06.25"]
[Round "6"]
[White "Stadler, Lothar"]
[Black "Alefs, Heinz"]
[Result "1-0"]
[WhiteElo "1754"]
[BlackElo "1677"]
[PlyCount "77"]
[EventDate "2009.06.20"]
[EventType "swiss"]
[EventRounds "9"]
[EventCountry "GER"]
[SourceTitle "EXT 2015"]
[Source "ChessBase"]
[SourceDate "2014.11.20"]
[SourceVersion "1"]
[SourceVersionDate "2014.11.20"]
[SourceQuality "1"]

1. e4 Nf6 2. Nc3 d6 3. Bc4 Nc6 4. a3 a6 5. h3 e5 6. d3 Be7 7. Be3 0-0 8. Qd2 Be6 9. Nd5 Nb8 10. Nxf6+ Bxf6 11. Bxe6 fxe6 12. Nf3 d5 13. h4 h6 14. Bxh6 dxe4 15. dxe4 gxh6 16. Qxh6 Qe7 17. Rh3 Rf7 18. 0-0-0 Rh7 19. Qg6+ Rg7 20. Qh5 Rh7 21. Qg4+ Rg7 22. Ng5 Bxg5+ 23. hxg5 Qxg5+ 24. Qxg5 Rxg5 25. Rd8+ Kg7 26. Rhh8 Kf7 27. Rc8 Ke7 28. Rxc7+ Kd6 29. Rxb7 Rxg2 30. Rhxb8 Rxb8 31. Rxb8 Rxf2 32. Rb6+ Kc5 33. Rxa6 Kd4 34. b4 Kxe4 35. Rd6 Kf5 36. b5 e4 37. b6 e3 38. b7 e2 39. Kd2 1-0

[Event "Bayern-ch Seniors 19th"]
[Site "Schloss Schney"]
[Date "2007.06.15"]
[Round "4"]
[White "Bikteev, Valeri"]
[Black "Stadler, Lothar"]
[Result "1/2-1/2"]
[WhiteElo "1557"]
[BlackElo "1797"]
[PlyCount "36"]
[EventDate "2007.06.12"]
[EventType "swiss"]
[EventRounds "9"]
[EventCountry "GER"]
[SourceTitle "EXT 2008"]
[Source "ChessBase"]
[SourceDate "2007.11.25"]
[SourceVersion "1"]
[SourceVersionDate "2007.11.25"]
[SourceQuality "1"]

1. c4 Nf6 2. d4 e6 3. Bg5 Be7 4. Nc3 d5 5. e3 c6 6. Be2 0-0 7. Nf3 dxc4 8. Bxc4 Qa5 9. 0-0 h6 10. Bxf6 Bxf6 11. Ne4 Be7 12. a3 Rd8 13. Qc2 Nd7 14. Rac1 Qh5 15. Ng3 Qa5 16. e4 b5 17. Ba2 Bb7 18. Bb1 Nf8 1/2-1/2

[Event "Bayern-ch Seniors 19th"]
[Site "Schloss Schney"]
[Date "2007.06.14"]
[Round "3"]
[White "Stadler, Lothar"]
[Black "Scheuerlein, Gerhard"]
[Result "0-1"]
[WhiteElo "1797"]
[BlackElo "1627"]
[PlyCount "86"]
[EventDate "2007.06.12"]
[EventType "swiss"]
[EventRounds "9"]
[EventCountry "GER"]
[SourceTitle "EXT 2008"]
[Source "ChessBase"]
[SourceDate "2007.11.25"]
[SourceVersion "1"]
[SourceVersionDate "2007.11.25"]
[SourceQuality "1"]

1. e4 e6 2. d4 d5 3. exd5 exd5 4. Bd3 Bd6 5. Ne2 Ne7 6. b3 0-0 7. 0-0 Bf5 8. c4 Bxd3 9. Qxd3 c6 10. Nbc3 dxc4 11. bxc4 Nd7 12. Ne4 Bc7 13. Ba3 Re8 14. f4 Ng6 15. Bd6 Rc8 16. Bxc7 Rxc7 17. f5 Ngf8 18. f6 g6 19. d5 cxd5 20. cxd5 Nb6 21. Rad1 Re5 22. N2c3 Nfd7 23. Rf3 Rc4 24. Rh3 Nxf6 25. Nxf6+ Qxf6 26. Rf3 Qe7 27. d6 Re1+ 28. Kf2 Qh4+ 29. g3 Rxd1 30. Nxd1 Qd4+ 31. Re3 Qxd3 32. Rxd3 Rc8 33. Nc3 Nd7 34. Ke2 f5 35. Kd2 Kf7 36. Nd5 Ne5 37. Ne7 Rd8 38. Rd5 Nc4+ 39. Kc3 Nb6 40. Rd3 Ke6 41. Kb4 Rxd6 42. Re3+ Kd7 43. Ng8 Nd5+ 0-1

[Event "Bayern-ch Seniors 18th"]
[Site "Schloss Schney"]
[Date "2006.07.02"]
[Round "8"]
[White "Stadler, Lothar"]
[Black "Baessler, Arwed"]
[Result "0-1"]
[WhiteElo "1790"]
[BlackElo "1751"]
[PlyCount "106"]
[EventDate "2006.06.25"]
[EventType "swiss"]
[EventRounds "9"]
[EventCountry "GER"]
[SourceTitle "EXT 2007"]
[Source "ChessBase"]
[SourceDate "2006.11.23"]
[SourceVersion "1"]
[SourceVersionDate "2006.11.23"]
[SourceQuality "1"]

1. e4 d6 2. f4 Nf6 3. d3 c5 4. Nf3 Nc6 5. Be2 e5 6. fxe5 dxe5 7. Bg5 Be7 8. 0-0 Ng4 9. Bd2 Nd4 10. Nxd4 Qxd4+ 11. Kh1 Nf2+ 12. Rxf2 Qxf2 13. Bc3 Bd6 14. Nd2 Qf6 15. a3 0-0 16. Nc4 Bc7 17. Qd2 Re8 18. Rf1 Qg6 19. Qd1 Qe6 20. Ne3 Qc6 21. Bh5 g6 22. Bg4 Bd8 23. Bd2 Kg7 24. Rf3 h5 25. Bxc8 Rxc8 26. Rg3 Rh8 27. Qf1 Rc7 28. Bc3 Re8 29. Nd5 Rd7 30. Bd2 Qe6 31. c4 Rh8 32. b4 b6 33. Bc3 Re8 34. Nf4 Qd6 35. Nxh5+ Kg8 36. Qc1 Qf8 37. Bd2 Kh7 38. Rh3 gxh5 39. Rxh5+ Kg6 40. Rh6+ Kg7 41. Rc6 Qh8 42. Bh6+ Kg8 43. Qd1 Re6 44. Qg4+ Kh7 45. Qf5+ Kxh6 46. Rxe6+ fxe6 47. Qxe6+ Qf6 48. Qh3+ Kg6 49. g4 Rh7 50. Qg2 Qf4 51. bxc5 Qc1+ 52. Qg1 Qxg1+ 53. Kxg1 bxc5 0-1

[Event "Bayern-ch Seniors 18th"]
[Site "Schloss Schney"]
[Date "2006.06.29"]
[Round "5"]
[White "Stadler, Lothar"]
[Black "Weschke, Wolfgang"]
[Result "0-1"]
[WhiteElo "1790"]
[BlackElo "1684"]
[PlyCount "78"]
[EventDate "2006.06.25"]
[EventType "swiss"]
[EventRounds "9"]
[EventCountry "GER"]
[SourceTitle "EXT 2007"]
[Source "ChessBase"]
[SourceDate "2006.11.23"]
[SourceVersion "1"]
[SourceVersionDate "2006.11.23"]
[SourceQuality "1"]

1. c4 Nf6 2. Nc3 d5 3. cxd5 Nxd5 4. e4 Nxc3 5. bxc3 e6 6. Nf3 c5 7. Bc4 Be7 8. 0-0 0-0 9. Qe2 b6 10. Bb2 Bb7 11. Rfe1 Qc8 12. Ne5 Bd6 13. Ng4 Qc7 14. e5 Be7 15. Bd3 Nd7 16. Qe3 Rfd8 17. Qh3 Nf8 18. c4 Ng6 19. Re3 Bg5 20. Bxg6 hxg6 21. Nf6+ gxf6 22. exf6 Qf4 23. g3 Qf5 24. g4 Qc2 25. Bc3 Ba6 26. Qg3 Bxc4 27. f4 Bh6 28. g5 Bf8 29. Qh4 Rd3 30. Rae1 Re8 31. f5 Rxe3 32. Rxe3 Bd5 33. fxe6 Bxe6 34. Qe1 Qf5 35. Rg3 c4 36. d4 cxd3 37. Bb4 Bxb4 38. Qxb4 Qc5+ 39. Qxc5 bxc5 0-1

[Event "Bayern-ch Seniors 18th"]
[Site "Schloss Schney"]
[Date "2006.06.28"]
[Round "4"]
[White "Mahrla, Hans"]
[Black "Stadler, Lothar"]
[Result "0-1"]
[WhiteElo "1678"]
[BlackElo "1790"]
[PlyCount "60"]
[EventDate "2006.06.25"]
[EventType "swiss"]
[EventRounds "9"]
[EventCountry "GER"]
[SourceTitle "EXT 2007"]
[Source "ChessBase"]
[SourceDate "2006.11.23"]
[SourceVersion "1"]
[SourceVersionDate "2006.11.23"]
[SourceQuality "1"]

1. e4 c5 2. Nf3 d6 3. d4 cxd4 4. Nxd4 Nf6 5. Nc3 a6 6. Be2 e5 7. Nb3 Be7 8. Be3 Be6 9. Nd5 Nxd5 10. exd5 Bd7 11. 0-0 0-0 12. Nd2 f5 13. f4 g5 14. fxg5 Bxg5 15. Bxg5 Qxg5 16. Rf3 f4 17. Ne4 Qg6 18. Nf2 Bf5 19. Rc1 Nd7 20. Bd3 e4 21. Rxf4 exd3 22. Nxd3 h5 23. Rf3 h4 24. Qe1 Be4 25. Rf2 h3 26. g3 Rxf2 27. Qxf2 Rf8 28. Nf4 Qg4 29. Qf1 Bxd5 30. Qxh3 Rxf4 0-1

[Event "Bayern-ch Seniors 18th"]
[Site "Schloss Schney"]
[Date "2006.06.27"]
[Round "3"]
[White "Stadler, Lothar"]
[Black "Goy, Udo"]
[Result "0-1"]
[WhiteElo "1790"]
[BlackElo "2107"]
[PlyCount "78"]
[EventDate "2006.06.25"]
[EventType "swiss"]
[EventRounds "9"]
[EventCountry "GER"]
[SourceTitle "EXT 2007"]
[Source "ChessBase"]
[SourceDate "2006.11.23"]
[SourceVersion "1"]
[SourceVersionDate "2006.11.23"]
[SourceQuality "1"]

1. c4 Nf6 2. Nc3 g6 3. Nf3 Bg7 4. e3 0-0 5. Be2 d6 6. 0-0 e5 7. d4 Nbd7 8. Qc2 c6 9. b3 Re8 10. Ba3 Bf8 11. Rad1 e4 12. Ne1 Qa5 13. Bc1 Bg7 14. d5 c5 15. Bd2 Qd8 16. a3 a6 17. a4 Qe7 18. Qb1 h5 19. h3 Nh7 20. f4 exf3 21. Rxf3 Ng5 22. Qc1 Nxf3+ 23. Nxf3 f5 24. Re1 Ne5 25. e4 Bd7 26. Ng5 Rf8 27. Nd1 fxe4 28. Nxe4 Bf5 29. Ndf2 Nf7 30. Bd1 Bd4 31. Bc2 Bxe4 32. Rxe4 Ne5 33. Be3 Qf7 34. Bxd4 cxd4 35. Qd2 d3 36. Nxd3 Rae8 37. Nf4 Qf6 38. Rd4 Qg5 39. b4 Nf3+ 0-1

[Event "Bayern-ch Seniors 18th"]
[Site "Schloss Schney"]
[Date "2006.06.25"]
[Round "1"]
[White "Conitz, Helmut"]
[Black "Stadler, Lothar"]
[Result "0-1"]
[WhiteElo "1440"]
[BlackElo "1790"]
[PlyCount "90"]
[EventDate "2006.06.25"]
[EventType "swiss"]
[EventRounds "9"]
[EventCountry "GER"]
[SourceTitle "EXT 2007"]
[Source "ChessBase"]
[SourceDate "2006.11.23"]
[SourceVersion "1"]
[SourceVersionDate "2006.11.23"]
[SourceQuality "1"]

1. e4 c5 2. Bc4 Nc6 3. c3 Nf6 4. d3 e6 5. Bg5 h6 6. Be3 a6 7. a3 Be7 8. Nf3 0-0 9. h3 d5 10. exd5 exd5 11. Ba2 Re8 12. 0-0 b6 13. Qc2 Bf5 14. Ne1 Bd6 15. Qd2 Qc7 16. Kh1 d4 17. Bxh6 gxh6 18. Qxh6 Nh7 19. Bd5 Re5 20. c4 Rae8 21. Nd2 Ne7 22. Ndf3 Re2 23. Qh5 Bg6 24. Qg4 Nxd5 25. cxd5 Nf6 26. Qh4 Kg7 27. g4 Rh8 28. Qg5 Bf4 29. Qf5 Bxf5 30. gxf5 Rxh3+ 31. Kg2 Rh5 32. Ng1 Re8 33. Nh3 Rxf5 34. Nf3 Qd6 35. Rh1 Qxd5 36. Rag1 Ng4 37. Nxf4 Rxf4 38. Rh3 Ne5 39. Rg3+ Kf6 40. Rh1 Nxf3 41. Rh6+ Ke7 42. Rxb6 Nd2+ 43. Kg1 Kf8 44. Rg2 Re1+ 45. Kh2 Qh5+ 0-1